Atlas de Anatomía (Registro nro. 4514)
[ vista simple ]
| 000 -Cabecera | |
|---|---|
| Campo de control de longitud fija | 00917aam a2200373 4500 |
| 005 - Fecha y hora de la última transacción | |
| Campo de control | 20250701084554.0 |
| 008 - Elementos de longitud fija--Información general | |
| Campo de control de longitud fija | 150413b2012 SP ||||| |||| 00| 0 spa d |
| 020 ## - International Standard Book Number | |
| Número Internacional Estándar del Libro (ISBN) | 97884790360003 |
| 041 ## - Idioma | |
| Código de idioma | Español |
| 082 ## - Clasificación Decimal Dewey | |
| Número de clasificación | 611 G478a |
| 100 ## - Entrada principal--Autor personal | |
| Nombre personal | Gilroy, Anne M. |
| 9 (RLIN) | 24486 |
| 100 ## - Entrada principal--Autor personal | |
| Nombre personal | MacPherson, Brian R. |
| 100 ## - Entrada principal--Autor personal | |
| Nombre personal | Ross, Lawrence M. |
| 245 ## - Título propiamente dicho | |
| Título | Atlas de Anatomía |
| 260 ## - Pie de imprenta | |
| Lugar de publicación, distribución, etc. | México |
| 260 ## - Pie de imprenta | |
| Nombre del editor, distribuidor, etc. | Editorial Médica Panamericana |
| 260 ## - Pie de imprenta | |
| Fecha de publicación, distribución, etc. | 2008 |
| 300 ## - Descripción física | |
| Extensión | 656 páginas |
| 300 ## - Descripción física | |
| Otras características físicas | Ilustraciones a color |
| 490 ## - Serie | |
| Título de la Serie | PROMETHEUS |
| 490 ## - Serie | |
| Título de la Serie | Mecánica Dental |
| 650 ## - Materia general | |
| Temática (materia general) | ANATOMIA HUMANA |
| 650 ## - Materia general | |
| Temática (materia general) | HUESOS |
| 650 ## - Materia general | |
| Temática (materia general) | MÚSCULOS |
| 650 ## - Materia general | |
| Temática (materia general) | ARTERIAS Y NERVIOS |
| 650 ## - Materia general | |
| Temática (materia general) | CABEZA Y CUELLO |
| 650 ## - Materia general | |
| Temática (materia general) | NEUROANATOMÍA |
| 650 ## - Materia general | |
| Temática (materia general) | CARA |
| 650 ## - Materia general | |
| Temática (materia general) | CRANEO |
| 650 ## - Materia general | |
| Temática (materia general) | MEDIASTINO |
| 650 ## - Materia general | |
| Temática (materia general) | PARED TORÁCICA |
| 650 ## - Materia general | |
| Temática (materia general) | ABDOMEN Y PELVIS |
| 942 ## - Punto de acceso adicional KOHA | |
| Tipo de ítem KOHA | Libro |
| Fuente del sistema de clasificación o colocación | Dewey Decimal Classification |
| Signatura completa | Código de barras | Programa Académico | Tipo de ítem |
|---|---|---|---|
| 611 G478a | 14385 | Mecánica Dental | Libro |
| 611 G478a | 13423 | Mecánica Dental | Libro |
| 611 G478a | 16024 | Mecánica Dental | Libro |
| 611 G478a | 16233 | Mecánica Dental | Libro |
| 611 G478a | 17829 | Mecánica Dental | Libro |